Online katalóg knižníc regiónu Turca

Ak ostaneš (Record no. 22245)

MARC details
000 -LEADER
fixed length control field 01509cam a2200421 a 4500
001 - CONTROL NUMBER
control field 22245
003 - CONTROL NUMBER IDENTIFIER
control field VRT
005 - DATE AND TIME OF LATEST TRANSACTION
control field 20260323150022.0
008 - FIXED-LENGTH DATA ELEMENTS--GENERAL INFORMATION
fixed length control field 240314s2014 xo g 000 f slo
015 ## - NATIONAL BIBLIOGRAPHY NUMBER
National bibliography number SNBA2014/06
020 ## - INTERNATIONAL STANDARD BOOK NUMBER
International Standard Book Number 9788055138312
Qualifying information (viaz.)
035 ## - SYSTEM CONTROL NUMBER
System control number C441CC30-4C23-42BC-A896-8FC76CFF51A2
035 ## - SYSTEM CONTROL NUMBER
System control number urn:nbn:sk:snk-amk24m
035 ## - SYSTEM CONTROL NUMBER
System control number urn:nbn:sk:snk-am0086m9
039 #9 - LEVEL OF BIBLIOGRAPHIC CONTROL AND CODING DETAIL [OBSOLETE]
Level of rules in bibliographic description 202403141423
Level of effort used to assign nonsubject heading access points VLOAD
Level of effort used to assign subject headings 202106111734
Level of effort used to assign classification AUTHORITY
Level of effort used to assign subject headings 202106111724
Level of effort used to assign classification AUTHORITY
Level of effort used to assign subject headings 201610121258
Level of effort used to assign classification mtotk19
040 ## - CATALOGING SOURCE
Original cataloging agency POKPOH
Language of cataloging slo
Transcribing agency POKPOH
Modifying agency SNK
Description conventions AACR2
041 1# - LANGUAGE CODE
Language code of text/sound track or separate title slo
Language code of original eng
044 ## - COUNTRY OF PUBLISHING/PRODUCING ENTITY CODE
MARC country code xo
ISO country code SK
072 #7 - SUBJECT CATEGORY CODE
Subject category code 821.111(73)-3
Subject category code subdivision Americká próza
Source konspekt
080 ## - UNIVERSAL DECIMAL CLASSIFICATION NUMBER
Universal Decimal Classification number 821.111(73)-31
Edition identifier 2001
100 1# - MAIN ENTRY--PERSONAL NAME
Personal name Cole, Courtney
Relationship aut
240 10 - UNIFORM TITLE
Uniform title If You Stay
Language of a work Slovensky
245 10 - TITLE STATEMENT
Title Ak ostaneš
Statement of responsibility, etc. Courtney Coleová ; [z anglického originálu ...] preložila Martina Petáková
250 ## - EDITION STATEMENT
Edition statement 1. vyd.
260 ## - PUBLICATION, DISTRIBUTION, ETC.
Place of publication, distribution, etc. Bratislava
Name of publisher, distributor, etc. Ikar
Date of publication, distribution, etc. 2014
300 ## - PHYSICAL DESCRIPTION
Extent 276 s.
Dimensions 21 cm
655 #7 - INDEX TERM--GENRE/FORM
Genre/form data or focus term americké romány
Source of term SNKPH
655 #7 - INDEX TERM--GENRE/FORM
Genre/form data or focus term American fiction
Source of term SNKPHeng
700 1# - ADDED ENTRY--PERSONAL NAME
Personal name Petáková, Martina
Relationship trl
910 ## - USER-OPTION DATA (OCLC)
User-option data totk
942 ## - ADDED ENTRY ELEMENTS (KOHA)
Source of classification or shelving scheme Dewey Decimal Classification
Koha item type Krásna literatúra pre dospelých
Suppress in OPAC No
949 ## - LOCAL PROCESSING INFORMATION (OCLC)
6 273K0579713
a svkpoA 222801
b svkpo577834
949 ## - LOCAL PROCESSING INFORMATION (OCLC)
6 270001000453854
a svkbbA 141650
b svkbbm 744940
949 ## - LOCAL PROCESSING INFORMATION (OCLC)
6 17A1110567
a snkSC 159696
b snk2014/12182
o 1235/14
s 6100:20140925
949 ## - LOCAL PROCESSING INFORMATION (OCLC)
6 17A1113451
a snkSC 159696 D1
b snk2014/15444
o 1235/14
949 ## - LOCAL PROCESSING INFORMATION (OCLC)
6 2889210203
a savukPV 18969
b savuk2014/1686
Holdings
Stav vyradenia Strata Poškodenie Spôsob nadobudnutia Domovská knižnica Aktuálna knižnica Dátum nadobudnutia Cena Total checkouts Čiarový kód exemplára Date last seen Typ exemplára
      Kúpa Obecná knižnica Horná Štubňa Obecná knižnica Horná Štubňa 23.03.2026 8.90   4736201916 23.03.2026 Krásna literatúra pre dospelých
Projekt je podporený Slovenskou asociáciou knižníc
Prevádzkuje Turčianska knižnica Martin 2026